<?xml version="1.0" encoding="UTF-8"?>
<record
    xmlns:xsi="http://www.w3.org/2001/XMLSchema-instance"
    xsi:schemaLocation="http://www.loc.gov/MARC21/slim http://www.loc.gov/standards/marcxml/schema/MARC21slim.xsd"
    xmlns="http://www.loc.gov/MARC21/slim">

  <leader>00643nam a22001817a 4500</leader>
  <controlfield tag="008">131213t2008    mx ||||| |||| 00| 0 eng d</controlfield>
  <datafield tag="020" ind1=" " ind2=" ">
    <subfield code="a">978-8130-69-9</subfield>
  </datafield>
  <datafield tag="050" ind1="1" ind2="4">
    <subfield code="a">HD31 </subfield>
    <subfield code="b">G643 2008</subfield>
  </datafield>
  <datafield tag="100" ind1=" " ind2=" ">
    <subfield code="a">Gonz&#xE1;lez Cornejo, Aurelio</subfield>
    <subfield code="d">autor</subfield>
    <subfield code="9">47997</subfield>
  </datafield>
  <datafield tag="245" ind1="1" ind2="0">
    <subfield code="a">Experiencia administrativa</subfield>
    <subfield code="b">: casos y pr&#xE1;cticas en administrac&#xED;on</subfield>
    <subfield code="c"> / Aurelio Gonz&#xE1;lez Cornejo </subfield>
  </datafield>
  <datafield tag="260" ind1=" " ind2=" ">
    <subfield code="a">M&#xE9;xico</subfield>
    <subfield code="b">: PAC </subfield>
    <subfield code="c">, 2008</subfield>
  </datafield>
  <datafield tag="300" ind1=" " ind2=" ">
    <subfield code="a">108 p&#xE1;ginas</subfield>
    <subfield code="c">; 25 cm.</subfield>
    <subfield code="b">: il.</subfield>
  </datafield>
  <datafield tag="490" ind1=" " ind2=" ">
    <subfield code="a">Universidad de Estudios Profesionales de Ciencias y Artes</subfield>
  </datafield>
  <datafield tag="500" ind1=" " ind2=" ">
    <subfield code="a">Lic. MAX</subfield>
  </datafield>
  <datafield tag="519" ind1=" " ind2=" ">
    <subfield code="a">Material Complementario /</subfield>
    <subfield code="d">(07 005951)</subfield>
  </datafield>
  <datafield tag="650" ind1="1" ind2="4">
    <subfield code="x">ADMINISTRACI&#xD3;N</subfield>
    <subfield code="9">29</subfield>
  </datafield>
  <datafield tag="942" ind1=" " ind2=" ">
    <subfield code="2">lcc</subfield>
    <subfield code="c">LB</subfield>
  </datafield>
  <datafield tag="952" ind1=" " ind2=" ">
    <subfield code="0">0</subfield>
    <subfield code="1">0</subfield>
    <subfield code="2">lcc</subfield>
    <subfield code="4">0</subfield>
    <subfield code="7">0</subfield>
    <subfield code="a">08</subfield>
    <subfield code="b">08</subfield>
    <subfield code="d">0000-00-00</subfield>
    <subfield code="l">3</subfield>
    <subfield code="o">HD31 G643 2008</subfield>
    <subfield code="p">08 004854</subfield>
    <subfield code="r">2018-09-24</subfield>
    <subfield code="s">2018-09-24</subfield>
    <subfield code="t">1</subfield>
    <subfield code="w">2013-12-13</subfield>
    <subfield code="y">LB</subfield>
  </datafield>
  <datafield tag="952" ind1=" " ind2=" ">
    <subfield code="0">0</subfield>
    <subfield code="1">0</subfield>
    <subfield code="2">lcc</subfield>
    <subfield code="4">0</subfield>
    <subfield code="7">0</subfield>
    <subfield code="a">07</subfield>
    <subfield code="b">07</subfield>
    <subfield code="d">2016-07-18</subfield>
    <subfield code="l">0</subfield>
    <subfield code="o">HD31 G643 2008</subfield>
    <subfield code="p">07 005951</subfield>
    <subfield code="r">2016-07-18</subfield>
    <subfield code="t">1</subfield>
    <subfield code="w">2016-07-18</subfield>
    <subfield code="y">LB</subfield>
  </datafield>
  <datafield tag="999" ind1=" " ind2=" ">
    <subfield code="c">91466</subfield>
    <subfield code="d">91466</subfield>
  </datafield>
</record>
